000 01079nam a22003137a 4500
001 BR6800401
003 BR-BrBNA
005 20230928083516.0
007 ta
008 230509b bl.||||| |||| 00| 0 por d
040 _aBR-BrBNA
_bpor
_cBiblioteca Nacional de Agricultura
041 _a(Por)
072 _aL70
_b/G514
090 _ L70 BR6800401
110 1 _aSociedade Brasileira de Medicina Veterinaria, Rio de Janeiro, GB;
_99761
110 1 _aAssociacao Fluminense de Veterinaria, Niteroi, RJ (Brasil)
111 1 _a11. Congresso Brasileiro de Veterinaria; 1. Congresso Fluminense de Medicina Veterinaria
_cNiteroi, RJ (Brazil)
_d9 Dec 1968
245 1 _aAnais do 11. Congresso Brasileiro de Veterinaria e do 1. Congresso Fluminense de Medicina Veterinaria
_bv. 1
260 3 _aRio de Janeiro, GB (Brasil):
_c1968.
300 _a489 p.
650 _aVETERINARIA
650 _aCIRURGIA
650 _aMEDICAMENTO
650 _aDOENCA ANIMAL
650 _aANALISE QUIMICA
650 _aCONTROLE QUIMICO
909 _a202309
_bLucia
_c55
_dLucia Elande
942 _cBK
999 _c13871
_d13871